00912nam a22002537a 45000010005000000030006000050050017000110080041000280200018000690400029000870500014001160820010001301000018001402450072001582600038002303000056002684900073003245050008003975200141004055210020005465210020005666500035005866500037006214888FISKH20241023085417.0241023b cb ||||| |||| 00| 0 eng d a9780531175330 aFISKHbengcFISKHdFISKH aGN293.G73 a393.3 aGrace , N. B. aMummies Unwrapped! :bThe Science of Mummy-Making /cby N. B. Grace aNew York : bScholastic ;c2008 . a64 pages : bcolor illustrations : map ; c24 cm .  a 24/7 Mystery Files, 24/7: Science Behind the Scenes (Mystery Files) aR  aDescribes the wide variety of ancient human corpses that are found, how they were preserved, and what archeologists can learn from them.8 a820 bLexile 8 aR bRaz-Plus  amummies vJuvenile Literature  aEmbalming vJuvenile Literature